000 00540nam a2200217Ia 4500
003 OSt
005 20220928143411.0
006 a|||||r|||| 00| 0
007 ta
008 220927b |||||||| |||| 00| 0 eng d
024 _a22016
037 _cTextual
040 _aSDCL
_cSDCL
_beng
041 _2eng
_aeng
082 _aX:8C, K6
100 _aBlecke Curtis J
_9505361
245 0 _aFinancial analysis for decision making
260 _c1966
942 _hX:8C, K6
_cTEXL
_2CC
999 _c824037
_d824037